000 00668cab a2200241 4500
001 WB3506-22
008 090401t1999 xxu||||| |||| 00| 0 eng d
035 _a(Sirsi) u91266
041 _aeng
245 _aFarm biogas projects
260 _c1999
350 _a0
490 _aENDS Report
_v(288) January 1999, 16(1)
520 _aDiscusses plans for the UK`s first centralised biogas plant, for which a planning application has been submitted.
650 _aBIOGAS
650 _aDEVON
650 _aFARM SLURRY
650 _aFARM WASTE
650 _aORGANIC WASTE
690 _aENVIRONMENTAL AND LAND CONSULTANCY
942 _n0
948 _c11/02/1999
999 _c57917
_d57917